000 00815am a2200277a 44500
003 AR-BaBNM
005 20251128203130.0
008 057019s1984 #AR|||||||||||000 | spa||
020 _a950-562-952-4
040 _cAR-BaBNM
100 1 _aGuerrino, Antonio Alberto
245 1 0 _aLa medicina en la conquista del desierto
260 _aBuenos Aires
_bCírculo Militar
_c1984
300 _a122 p.
_bil., láms.
490 0 _aBiblioteca del oficial
_vv. 718
504 _aBibliografía para consultar p. 114-117.
650 4 _aHISTORIA MILITAR
650 4 _aHISTORIA DE LAS CIENCIAS
650 4 _aHISTORIA DE LA MEDICINA
650 4 _aCONQUISTA DEL DESIERTO
650 4 _aABORIGENES ARGENTINOS
650 4 _aPRISIONEROS
800 1 _aMartínez Pita, Rodolfo
_efundador
942 _cBK
998 _cmariana
999 _c2049
_d2049